Responses for Show #3237 - Tuesday, October 6, 1998

Contestants

[<< previous game]

Chuck Moul, a graduate student from Chicago, Illinois

Linda Zusman, a foreign language teacher from Albany, New York

Heather Bell, a writer from Trenton, New Jersey (whose 1-day cash winnings total $10,900)

[next game >>]

Jeopardy! Round responses

BOND... JAMES BOND
FOR YOUR EYES ONLY
(Alex: Is there a theme building here?)
YOU ONLY LIVE TWICE?
DIAMONDS ARE FOREVER
FROM PRUSSIA WITH LOVE
DR. NO...GUCHI
    $100 1
Pierce Brosnan

Heather
    $100 6
Trifocals

Linda
    $100 10
Shirley MacLaine

Linda
    $100 14
April

Linda
    $100 26
Berlin

Linda
    $100 18
Quincy

Linda
    $200 2
Miss Moneypenny

Heather
    $200 7
Monocle

Linda
    $200 11
Deja vu

Chuck
    $200 15
The Louvre

Chuck
    $200 27
Frederick

Chuck
    $200 19
Marilyn Monroe

Chuck
    $300 3
Jaws

Linda
    $300 8
Contact lens

Chuck
    $300 12
Scientology

Heather
    $300 21
"Gentlemen Prefer Blondes"

Chuck
    $300 28
(Linda: What is the [**]?)
[Initially ruled incorrect; reversed before Double Jeopardy!]
...
(Alex: [At start of Double Jeopardy!] Good news for you, Linda. During the break our researchers checked and determined that your response of [**] is synonymous with [*], so you get $600 back.)

Weimar Republic (German Republic accepted)

LindaChuck
    $300 20
John Belushi

Heather
    $400 4
Casino Royale

Linda
    $400 9
Retina

Chuck
    $400 13
Socrates

Chuck
    $400 22
Facet

Linda
    $400 29
Junker

Heather
    $400 24
"Coroner"

Linda
    $500 5
Moonraker

Linda
    $500 16
Radial

Chuck
    $500 17
Pythagoras

Chuck
    $500 23
(Chuck: Who is Nero?)
...
(Alex: We're talking about Mexico here.)

Maximilian

LindaChuck
    $500 30
Hohenzollern

Heather
    $500 25
(Heather: Who is Natalie...)
(Alex: You ran out of time.)

Natalie Wood

HeatherLinda

Scores at the first commercial break (after clue 15):

Heather Linda Chuck
$600 $1,700 $1,500

Scores at the end of the Jeopardy! Round:

Heather Linda Chuck
$1,300 $4,000 $3,000

Double Jeopardy! Round responses

WOMEN IN SPORTS
WRITERS' PRIVATE LIVES
ENTERTAINERS
ISLANDS
GORDON THE WINE SNOB
ODD WORDS
    $200 22
Speed Skating

Linda
    $200 1
(Chuck: Who is Robin Williams?)
(Heather: Who is Heinlein?)

John Irving

HeatherChuck
Triple Stumper
    $200 2
Monty Python

Heather
    $200 17
Rhodes

Linda
    $200 12
Red

Heather
    $200 7
"Slide!"

Linda
    $400 23
(Heather: Who is Mary Lou Retton?)

Nadia Comaneci

HeatherLinda
    $400 13
Edgar Rice Burroughs

Linda
    $400 3
Natalie Cole

Linda
    $400 18
Captain William Bligh

Linda
    $400 27
Cellar

Heather
    $400 8
land (or soil or earth)

Linda
    $600 24
Zola Budd

Triple Stumper
    $600 14
John Grisham

Heather
    $600 4
Gregory Hines

Linda
    $600 19
Easter Island

Heather
    $600 28
Oaky

Chuck
    $600 9
5

Heather
    $800 25
Shirley Muldowney

Linda
    $800 15
Robin Cook

Heather
    $2,000 5
Roscoe "Fatty" Arbuckle

Linda
    $800 20
Montecristo Island

Linda
    $800 30
(Chuck: What is garcon?)
...
(Alex: That'll make bartenders feel real good, "Hello, [*], I'll have a double!")

Sommelier

LindaChuck
    $800 10
Wink

Linda
    $2,000 26
(Linda: I have no idea!)

Janet Evans

Linda
    $1000 16
James Patterson

Triple Stumper
    $1000 6
Mark Russell

Triple Stumper
    $1000 21
Luzon

Chuck
    $1000 29
Reserve

Linda
    $1000 11
Cocoon

Triple Stumper

Scores at the end of the Double Jeopardy! Round:

Heather Linda Chuck
$4,100 $11,400 $3,600
(lock game)

[wagering suggestions for these scores]

Final Jeopardy! Round responses

AMERICAN SYMBOLS
(Chuck: [After Alex reads his response] Well, if you're asking, he's my brother!)
ChuckWho is FO MOUL?
$0
HeatherWho is Bambi
$3,600
LindaWho is Bambi?
$600
Bambi

Final scores:

Heather Linda Chuck
$7,700 $12,000 $3,600
2nd place: Trip To Walt Disney World/Village, Orlando, Florida New champion: $12,000 3rd place: Trip to Ingleside Inn, Palm Springs, California

Game dynamics:

Coryat scores:

Heather Linda Chuck
$4,100 $12,200 $3,600
13 R,
3 W
29 R
(including 1 DD),
1 W
(including 1 DD)
13 R
(including 1 DD),
3 W

Combined Coryat: $19,900

[game clues] [game scores] [suggest correction]

Game tape date: 1998-08-11
The J! Archive is created by fans, for fans. Scraping, republication, monetization, and malicious use prohibited; this site may use cookies and collect identifying information. See terms. The Jeopardy! game show and all elements thereof, including but not limited to copyright and trademark thereto, are the property of Jeopardy Productions, Inc. and are protected under law. This website is not affiliated with, sponsored by, or operated by Jeopardy Productions, Inc. Join the discussion at JBoard.tv.